[Event "Helsingor Xtracon op"]
[Site "Helsingor"]
[Date "2016.07.26"]
[Round "5"]
[White "Mehringer, Joerg"]
[Black "Arbeus, Carl Johan"]
[Result "1-0"]
[WhiteElo "1966"]
[BlackElo "1784"]
[PlyCount "109"]
[EventDate "2016.07.23"]
[EventType "swiss"]
[EventRounds "10"]
[EventCountry "DEN"]
[SourceTitle "CBM 173 Extra"]
[Source "ChessBase"]
[SourceDate "2016.08.29"]
[SourceVersion "1"]
[SourceVersionDate "2016.08.29"]
[SourceQuality "1"]

1. e4 c5 2. g3 d5 3. exd5 Qxd5 4. Nf3 Bg4 5. Bg2 Qe6+ 6. Kf1 Bh3 7. d3 Nc6 8. Na3 Qg4 9. Bf4 a6 10. Ng5 Bxg2+ 11. Kxg2 Qxd1 12. Rhxd1 Nf6 13. Nc4 Nd5 14. Bd2 e6 15. Ne3 Nxe3+ 16. Bxe3 Be7 17. Ne4 b6 18. d4 f5 19. Nc3 cxd4 20. Bxd4 Nxd4 21. Rxd4 Kf7 22. Rad1 Rhd8 23. Rxd8 Rxd8 24. Rxd8 Bxd8 25. f3 Ke7 26. Kf2 Kd6 27. Ke3 e5 28. h3 b5 29. Kd3 g5 30. g4 b4 31. Nd1 f4 32. Nf2 Kd5 33. Ne4 h6 34. c4+ bxc3 35. Nxc3+ Kc5 36. Ke4 Kd6 37. Nb1 Ke6 38. Nd2 Bb6 39. b4 Bd4 40. Nb3 Bc3 41. Nc5+ Kd6 42. Nxa6 Kc6 43. Nc5 Bxb4 44. Nd3 Bc3 45. Nxe5+ Kc5 46. Nf7 Bg7 47. Nd8 Bf6 48. Ne6+ Kc4 49. Kf5 Be7 50. Kg6 Kd5 51. Ng7 Kc4 52. Nf5 Bd8 53. Nxh6 Kd3 54. Nf7 Ke3 55. Nxd8 1-0

[Event "Helsingor Xtracon op"]
[Site "Helsingor"]
[Date "2016.07.25"]
[Round "4"]
[White "Arbeus, Carl Johan"]
[Black "Hestholm, Sverre"]
[Result "1-0"]
[WhiteElo "1784"]
[BlackElo "1418"]
[PlyCount "113"]
[EventDate "2016.07.23"]
[EventType "swiss"]
[EventRounds "10"]
[EventCountry "DEN"]
[SourceTitle "CBM 173 Extra"]
[Source "ChessBase"]
[SourceDate "2016.08.29"]
[SourceVersion "1"]
[SourceVersionDate "2016.08.29"]
[SourceQuality "1"]

1. c4 c5 2. Nf3 g6 3. d4 cxd4 4. Nxd4 Nc6 5. e4 Bg7 6. Nxc6 bxc6 7. Nc3 Ba6 8. Be2 c5 9. 0-0 Qc7 10. Nd5 Qb7 11. Qc2 e6 12. Nc3 Ne7 13. Be3 d6 14. Rfd1 Rd8 15. h4 0-0 16. b3 Bxc3 17. Qxc3 Qxe4 18. Bh6 Nf5 19. Bf3 Qxh4 20. Bxf8 Rxf8 21. Qc2 Nd4 22. Qe4 Qxe4 23. Bxe4 Kg7 24. Rd2 Rd8 25. Rad1 Kf8 26. g4 Ke7 27. Kg2 Bc8 28. Rh1 Rh8 29. g5 f5 30. gxf6+ Kxf6 31. Rd3 Kg7 32. b4 Rd8 33. bxc5 dxc5 34. Ra3 Rd7 35. Rb1 Rc7 36. Rb8 Bd7 37. Rb7 Rxb7 38. Bxb7 Nc6 39. Ra6 Nb4 40. Rxa7 Kf6 41. Be4 Ke5 42. Rxd7 Kxe4 43. a4 h5 44. a5 Ke5 45. Kg3 Ke4 46. f3+ Ke5 47. f4+ Ke4 48. Rd6 Kf5 49. a6 Nxa6 50. Rxa6 e5 51. fxe5 Kxe5 52. Rxg6 Kd4 53. Kf3 Kxc4 54. Ke3 Kc3 55. Rg5 c4 56. Rxh5 Kc2 57. Kd4 1-0

[Event "Politiken Cup 36th"]
[Site "Helsingor"]
[Date "2014.07.27"]
[Round "8"]
[White "Arbeus, Carl Johan"]
[Black "Jensen, Morten Frank"]
[Result "0-1"]
[WhiteElo "1819"]
[BlackElo "2005"]
[PlyCount "130"]
[EventDate "2014.07.21"]
[EventType "swiss"]
[EventRounds "10"]
[EventCountry "DEN"]
[SourceTitle "CBM 161 Extra"]
[Source "ChessBase"]
[SourceDate "2014.08.29"]
[SourceVersion "1"]
[SourceVersionDate "2014.08.29"]
[SourceQuality "1"]

1. e4 g6 2. f4 Bg7 3. Nf3 d5 4. Nc3 dxe4 5. Nxe4 Bg4 6. c3 Qd5 7. Qe2 Nd7 8. Qc4 Qxc4 9. Bxc4 Bxf3 10. gxf3 Nh6 11. d4 c6 12. Ng5 Nb6 13. Bb3 e6 14. Kf2 a5 15. a3 a4 16. Bc2 Nd5 17. Bd2 Nf5 18. Ne4 b6 19. Ng3 Nde7 20. Nxf5 Nxf5 21. Bxf5 gxf5 22. Be3 b5 23. Rhg1 Bf6 24. Rg2 Kd7 25. Rag1 Kd6 26. Ke2 Kd5 27. Kd3 h5 28. Rg3 Kd6 29. R3g2 Rad8 30. h3 Rd7 31. Rg8 Rd8 32. Rxd8+ Rxd8 33. Rg3 Ke7 34. Kc2 Kf8 35. Rg2 Be7 36. Bf2 Rd5 37. Be3 Bf6 38. Rg1 Rd8 39. Rg2 Ke7 40. Rg1 Bh4 41. Rg7 Rh8 42. Kd3 Bf6 43. Rg2 Rd8 44. Kc2 Kd6 45. Rg1 Rh8 46. Kd3 Rh6 47. Rg8 Rh7 48. Kc2 Rg7 49. Rxg7 Bxg7 50. Bf2 Kd5 51. Kd3 f6 52. Be3 Bh6 53. c4+ bxc4+ 54. Kc3 Bf8 55. Bf2 c5 56. dxc5 Bxc5 57. Bh4 Be7 58. Kc2 Bd6 59. Bxf6 Bxf4 60. Kc3 Bd6 61. Bg5 e5 62. Kd2 Bc5 63. Kc2 Bd4 64. Be7 e4 65. fxe4+ Kxe4 0-1

[Event "Politiken Cup 36th"]
[Site "Helsingor"]
[Date "2014.07.22"]
[Round "3"]
[White "Boukhris, Yacine"]
[Black "Arbeus, Carl Johan"]
[Result "1-0"]
[WhiteElo "2073"]
[BlackElo "1819"]
[PlyCount "61"]
[EventDate "2014.07.21"]
[EventType "swiss"]
[EventRounds "10"]
[EventCountry "DEN"]
[SourceTitle "CBM 161 Extra"]
[Source "ChessBase"]
[SourceDate "2014.08.29"]
[SourceVersion "1"]
[SourceVersionDate "2014.08.29"]
[SourceQuality "1"]

1. e4 e5 2. Nf3 d6 3. Bc4 h6 4. 0-0 Nf6 5. Re1 Be7 6. d4 Nbd7 7. Nc3 0-0 8. a4 a5 9. Ba2 c6 10. dxe5 dxe5 11. h3 Qb6 12. Nh4 Bc5 13. Qf3 Kh7 14. Nf5 Nb8 15. Nd1 Be6 16. Nxh6 Nbd7 17. Nf5 g6 18. Nfe3 Qb4 19. Nc3 Bd4 20. Ng4 Nxg4 21. hxg4 Kg7 22. Rd1 Qe7 23. Ne2 Qh4 24. Nxd4 Bxg4 25. Ne6+ fxe6 26. Rxd7+ Kh8 27. Qg3 Qh5 28. Be3 Rad8 29. Rxd8 Rxd8 30. f3 Bf5 31. exf5 1-0

[Event "Stockholm op"]
[Site "Stockholm"]
[Date "2013.08.05"]
[Round "2"]
[White "Arbeus, Carl Johan"]
[Black "Andersen, Jens Knud"]
[Result "0-1"]
[WhiteElo "1850"]
[BlackElo "2152"]
[PlyCount "36"]
[EventDate "2013.08.05"]
[EventType "swiss"]
[EventRounds "9"]
[EventCountry "SWE"]
[SourceTitle "CBM 155 Extra"]
[Source "ChessBase"]
[SourceDate "2013.08.26"]
[SourceVersion "1"]
[SourceVersionDate "2013.08.26"]
[SourceQuality "1"]

1. g3 d5 2. d4 Nf6 3. Bg2 Bf5 4. Nf3 e6 5. Nh4 Bg6 6. Nxg6 hxg6 7. Bg5 c6 8. Qd3 Nbd7 9. 0-0 Qb6 10. Bxf6 gxf6 11. e4 dxe4 12. Bxe4 f5 13. Bg2 Bg7 14. d5 cxd5 15. Bxd5 exd5 16. Re1+ Ne5 17. Qc3 Rg8 18. b3 Rf8 0-1